<?xml version="1.0" encoding="UTF-8"?><collection xmlns="info:lc/xmlns/marcxchange-v2"><record format="Unimarc" type="bibliographic"><leader>01195nam  000028900 450 </leader><controlfield tag="001">2470148</controlfield><controlfield tag="003">http://id.bnportugal.gov.pt/bib/porbase/2470148</controlfield><datafield ind1=" " ind2=" " tag="010"><subfield code="a">0-521-07233-6</subfield><subfield code="b">encadernado</subfield><subfield code="d">oferta</subfield></datafield><datafield ind1=" " ind2=" " tag="010"><subfield code="a">0-521-20159-4</subfield><subfield code="b">encadernado</subfield><subfield code="d">oferta</subfield></datafield><datafield ind1=" " ind2=" " tag="010"><subfield code="a">0-521-20160-8</subfield><subfield code="b">encadernado</subfield><subfield code="d">oferta</subfield></datafield><datafield ind1=" " ind2=" " tag="010"><subfield code="a">0-521-20160-8</subfield><subfield code="b">encadernado</subfield><subfield code="d">oferta</subfield></datafield><datafield ind1=" " ind2=" " tag="035"><subfield code="a">unlcsh010.iso/24-05-2012/76289</subfield></datafield><datafield ind1=" " ind2=" " tag="035"><subfield code="a">UNLCSH20111130215650</subfield></datafield><datafield ind1=" " ind2=" " tag="100"><subfield code="a">20111130d19921997k  y0porb0103    ba</subfield></datafield><datafield ind1="0" ind2=" " tag="101"><subfield code="a">eng</subfield></datafield><datafield ind1=" " ind2=" " tag="102"><subfield code="a">GB</subfield></datafield><datafield ind1="1" ind2=" " tag="200"><subfield code="a">&lt;The &gt;prosopography of the Later Roman Empire</subfield><subfield code="f">by A. H. M. Jones, J. R. Martindale &amp; J. Morris</subfield></datafield><datafield ind1=" " ind2=" " tag="210"><subfield code="a">Cambridge</subfield><subfield code="c">Cambridge University Press</subfield><subfield code="d">cop. 1971-1992</subfield><subfield code="h">(imp. 1992-1997</subfield></datafield><datafield ind1=" " ind2=" " tag="215"><subfield code="a">3 vol. in 4 ( xxii, 1152 ; xli, 1342 ; xlv, 1575 p.)</subfield><subfield code="d">24 cm</subfield></datafield><datafield ind1=" " ind2=" " tag="675"><subfield code="a">94(37)"02/06"</subfield><subfield code="v">BN</subfield><subfield code="z">por</subfield></datafield><datafield ind1=" " ind2=" " tag="675"><subfield code="a">929 A/Z (37)</subfield><subfield code="v">BN</subfield><subfield code="z">por</subfield></datafield><datafield ind1=" " ind2="1" tag="700"><subfield code="a">Jones</subfield><subfield code="b">A. H. M.</subfield><subfield code="f">1904-1970</subfield></datafield><datafield ind1=" " ind2="1" tag="701"><subfield code="a">Martindale</subfield><subfield code="b">J. R.</subfield><subfield code="f">1935-</subfield><subfield code="4">070</subfield></datafield><datafield ind1=" " ind2="1" tag="701"><subfield code="a">Morris</subfield><subfield code="b">John</subfield><subfield code="f">1913-1977</subfield><subfield code="4">070</subfield></datafield><datafield ind1=" " ind2="0" tag="801"><subfield code="a">PT</subfield><subfield code="b">UNLCSH</subfield><subfield code="g">RPC</subfield></datafield></record></collection>